000
00436nam a2200145Ia 4500
008
100122s9999 xx 000 0 und d
082
_b
31289
_a
823
100
_a
ढसाळ नामदेव
245
_a
हाडकी हाडवळ
260
_b
अस्मिता प्रकाशन
_c
1981
300
_a
126
630
_a
हाडकी हाडवळ
730
_a
हाडकी हाडवळ
942
_c
BOOK
999
_c
415932
_d
415929